00423nam a22001577a 450000500170000001000130001702000250003003500130005503700140006808200060008210000250008824500450011326000440015830000280020249000350023020100908120413.0 aB-420990 a9788124114902c45.00 aB-420990 bDBAD/Gift aN aShakespeare, William aRomeo and Julietcby William Shakespeare aNew DelhibHar-Anand Publicationsc200? a88p.bill.c22cm. (pbk) aShakespeare for young readers